Derecho penal argentino (Record no. 127779)

MARC details
000 -LEADER
campo de control de longitud fija 00549nam a2200145 4500
001 - NÚMERO DE CONTROL
campo de control 127779
003 - IDENTIFICADOR DE NÚMERO DE CONTROL
campo de control ES-MaACL
007 - CAMPO FIJO DE DESCRIPCIÓN FÍSICA--INFORMACIÓN GENERAL
campo de control de longitud fija t|
008 - DATOS DE LONGITUD FIJA--INFORMACIÓN GENERAL
campo de control de longitud fija 070214s1910 ag r ||||1| spa d
100 1# - ENTRADA PRINCIPAL--NOMBRE DE PERSONA
Nombre de persona Rivarola, Rodolfo.
9 (RLIN) 97546
245 10 - MENCIÓN DEL TÍTULO
Título Derecho penal argentino
Resto del título : parte general : tratado general y de la legislación actual comparada con las reformas proyectadas y con legislaciones de lengua española /
Mención de responsabilidad, etc. por Rodolfo Rivarola.
260 ## - PUBLICACIÓN, DISTRIBUCIÓN, ETC.
Lugar de publicación, distribución, etc. Buenos Aires :
Nombre del editor, distribuidor, etc. Hijos de Reus,
Fecha de publicación, distribución, etc. 1910.
300 ## - DESCRIPCIÓN FÍSICA
Extensión XIX, 653 p. ;
Dimensiones 25 x 17 cm.
852 ## - LOCALIZACIÓN
Ubicación ES-MaACL
Número de control de estantería G-5866
Holdings
Estatus retirado Estado de pérdida Estado de daño No para préstamo Biblioteca de origen Biblioteca actual Ubicación en estantería Fecha de adquisición Fuente de adquisición Total de préstamos Signatura topográfica completa Código de barras Visto por última vez Precio de reemplazo Tipo de ítem Koha
        Biblioteca del Ateneo de Madrid Biblioteca del Ateneo de Madrid Depósito 2 17/01/2008     G-5866 1133087 23/02/2023 23/02/2023 Libro impreso